STEREOCHEMISTRY OF ORGANIC COMPOUNDS PRINCIPLE AND APPLICATIONS (Record no. 9374)

MARC details
000 -LEADER
fixed length control field 00591nam a22001577a 4500
003 - CONTROL NUMBER IDENTIFIER
control field SGT
020 ## - INTERNATIONAL STANDARD BOOK NUMBER
International Standard Book Number 9788122430295
082 ## - DEWEY DECIMAL CLASSIFICATION NUMBER
Classification number 541.223,NAS
100 ## - MAIN ENTRY--PERSONAL NAME
Personal name NASIPURI D.
245 ## - TITLE STATEMENT
Title STEREOCHEMISTRY OF ORGANIC COMPOUNDS PRINCIPLE AND APPLICATIONS
260 ## - PUBLICATION, DISTRIBUTION, ETC. (IMPRINT)
Place of publication, distribution, etc NEW DELHI
Name of publisher, distributor, etc NEW AGE
Year of Publication 2015
300 ## - PAGE DESCRIPTION
No. of Pages 537
650 ## - SUBJECT ADDED ENTRY--TOPICAL TERM
Topical term or geographic name as entry element STEREOCHEMISTRY
653 ## - KEYWORDS--INDEX TERM
Keyword term MOLECULAR GEOMETRY AND CHEMICAL BONDING, MOLECULAR SYMMETRY AND CHIRALITY, STEREOISOMERISM AND CENTER OF CHIRALITY, TOPICITY AND PROSTEREOISOMERISM, DETERMINATION OF CONFIGURATION, CONFORMATIONS OF ACYCLIC MOLECULES
942 ## - ADDED ENTRY ELEMENTS (KOHA)
Source of classification or shelving scheme Dewey Decimal Classification
Koha item type FPS Books
942 ## - ADDED ENTRY ELEMENTS (KOHA)
-- 1
Holdings
Withdrawn status Lost status Source of classification or shelving scheme Damaged status Not for loan Collection code Home library Current library Shelving location Date acquired Vendor Name Cost, normal purchase price SGTU Bill Number Full call number Accession No. (Barcode) Date last seen Bill Date Koha item type Total Checkouts Date last borrowed
    Dewey Decimal Classification   Not For Loan SCIENCE SGT Science & Social Sciences Library SGT Science & Social Sciences Library Reference Book 30/06/2016 AHUJA BOOKS 375.00 SGTU 6884 541.223,NAS PS1880 30/06/2016 21/04/2016 FPS Books    
    Dewey Decimal Classification     SCIENCE SGT Science & Social Sciences Library SGT Science & Social Sciences Library Text Book 30/06/2016 AHUJA BOOKS 375.00 SGTU 6884 541.223,NAS PS1881 06/12/2022 21/04/2016 FPS Books 5 21/11/2022